| 000 | 00433nam a2200121Ia 4500 | ||
|---|---|---|---|
| 008 | 220615s9999||||xx |||||||||||||| ||und|| | ||
| 100 | _aRocha, Carolina | ||
| 245 | 0 |
_aArgentine Cinema and National Identity _b1966-1976 (Volume 16) |
|
| 546 | _aEnglish[eng] | ||
| 650 | _aArt||Film & Video||Technology & Engineering||Agriculture | ||
| 856 | _uhttps://library.oapen.org/bitstream/20.500.12657/46040/1/external_content.pdf | ||
| 942 | _cEB | ||
| 999 |
_c18703 _d18703 |
||